000 00376nam a2200145Ia 4500
008 230917s9999||||xx |||||||||||||| ||und||
040 _e36908
_aMAIN
041 _aEnglish
082 _a954.03 A36G
100 _aAsha Rani
245 0 _aGandhian non-violence and India's freedom struggle
260 _aDelhi
_bShree Publishers
_c1981
300 _avii, 348 p.
942 _cBK
999 _c218427
_d218427